<?xml version="1.0" encoding="UTF-8"?>
<record
    xmlns:xsi="http://www.w3.org/2001/XMLSchema-instance"
    xsi:schemaLocation="http://www.loc.gov/MARC21/slim http://www.loc.gov/standards/marcxml/schema/MARC21slim.xsd"
    xmlns="http://www.loc.gov/MARC21/slim">

  <leader>00585nam a22001817a 4500</leader>
  <controlfield tag="003">OSt</controlfield>
  <controlfield tag="005">20250801152823.0</controlfield>
  <controlfield tag="008">240812b        |||||||| |||| 00| 0 eng d</controlfield>
  <datafield tag="020" ind1=" " ind2=" ">
    <subfield code="a">81-7638-769-X</subfield>
  </datafield>
  <datafield tag="040" ind1=" " ind2=" ">
    <subfield code="c">.</subfield>
  </datafield>
  <datafield tag="082" ind1=" " ind2=" ">
    <subfield code="a">759.954  MOH/CH</subfield>
  </datafield>
  <datafield tag="100" ind1=" " ind2=" ">
    <subfield code="a">Mohanraj, A.T</subfield>
  </datafield>
  <datafield tag="245" ind1=" " ind2=" ">
    <subfield code="a">Chithrakala: Sargabhavanayude Roopantharangal = &#xD1A;&#xD3F;&#xD24;&#xD4D;&#xD30;&#xD15;&#xD32; &#xD38;&#xD7C;&#xD17;&#xD4D;&#xD17;&#xD2D;&#xD3E;&#xD35;&#xD28;&#xD2F;&#xD41;&#xD1F;&#xD46; &#xD30;&#xD42;&#xD2A;&#xD3E;&#xD28;&#xD4D;&#xD24;&#xD30;&#xD19;&#xD4D;&#xD19;&#xD7E; </subfield>
  </datafield>
  <datafield tag="260" ind1=" " ind2=" ">
    <subfield code="a">Thiruvanathapuram</subfield>
    <subfield code="b">The State Institute of Languages, Kerala</subfield>
    <subfield code="c">2009</subfield>
  </datafield>
  <datafield tag="300" ind1=" " ind2=" ">
    <subfield code="a">240</subfield>
  </datafield>
  <datafield tag="700" ind1=" " ind2=" ">
    <subfield code="a">Mohanraj, A.T</subfield>
  </datafield>
  <datafield tag="942" ind1=" " ind2=" ">
    <subfield code="c">BK</subfield>
    <subfield code="2">ddc</subfield>
  </datafield>
  <datafield tag="999" ind1=" " ind2=" ">
    <subfield code="c">298145</subfield>
    <subfield code="d">298145</subfield>
  </datafield>
  <datafield tag="952" ind1=" " ind2=" ">
    <subfield code="0">0</subfield>
    <subfield code="1">0</subfield>
    <subfield code="2">ddc</subfield>
    <subfield code="4">0</subfield>
    <subfield code="7">0</subfield>
    <subfield code="a">KAUCOAP</subfield>
    <subfield code="b">KAUCOAP</subfield>
    <subfield code="d">2014-12-30</subfield>
    <subfield code="l">0</subfield>
    <subfield code="o"> 759.954 MOH/CH</subfield>
    <subfield code="p">KAU_COAP-08215</subfield>
    <subfield code="r">2014-12-30 00:00:00</subfield>
    <subfield code="w">2014-12-30</subfield>
    <subfield code="y">BK</subfield>
  </datafield>
  <datafield tag="952" ind1=" " ind2=" ">
    <subfield code="0">0</subfield>
    <subfield code="1">0</subfield>
    <subfield code="2">ddc</subfield>
    <subfield code="4">0</subfield>
    <subfield code="7">0</subfield>
    <subfield code="a">KAUCOAP</subfield>
    <subfield code="b">KAUCOAP</subfield>
    <subfield code="d">2016-03-26</subfield>
    <subfield code="l">0</subfield>
    <subfield code="o"> 759.954 MOH/CH</subfield>
    <subfield code="p">KAU_COAP-08214</subfield>
    <subfield code="r">2016-03-26 00:00:00</subfield>
    <subfield code="w">2016-03-26</subfield>
    <subfield code="y">BK</subfield>
  </datafield>
</record>
